000 00677nam a2200277Ia 4500
005 20260324131809.0
008 008 260324s9999 xx 000 0 eng d
020 _a9781315785585
037 _aEBOOK
040 _aCRL
040 _beng
040 _cCRL
041 _2eng
041 _aeng
084 _qCRL
100 _aMechthild Hart; Miriam Ben-Yoseph
_91186864
245 0 _aPsychological, Political, and Cultural Meanings of Home
260 _bTaylor and Francis
260 _c2005
365 _a
365 _b170
856 _uhttp://www.taylorfrancis.com/books/9781315785585
942 _cEBOOK
999 _c1784366
_d1784366